00000000nam 2200000zi 4500
0019.949804
003CaOODSP
00520250822091516
006m     o  d f      
007cr cn|||||||||
008250404t20252025onca    obs  f000 0 eng d
020 |a9780660768250
040 |aCaOODSP|beng|erda|cCaOODSP
043 |an-cn---
0861 |aHP15-14/2025E-PDF
24500|aKey findings on children's falls.
264 1|a[Ottawa] : |bPublic Health Agency of Canada = Agence de la santé publique du Canada, |c[2025]
264 4|c©2025
300 |a1 online resource (1 page) : |billustrations
336 |atext|btxt|2rdacontent
337 |acomputer|bc|2rdamedia
338 |aonline resource|bcr|2rdacarrier
500 |aIssued also in French under title: Principaux résultats sur les chutes des enfants.
500 |a"Pub.: 250160."
504 |aIncludes bibliographical references.
650 0|aChildren's accidents|zCanada|vStatistics.
650 0|aFalls (Accidents)|zCanada|vStatistics.
655 7|aStatistics|2lcgft
7102 |aPublic Health Agency of Canada, |eissuing body.
77508|tPrincipaux résultats sur les chutes des enfants.|w(CaOODSP)9.949807
85640|qPDF|s346 KB|uhttps://publications.gc.ca/collections/collection_2025/aspc-phac/HP15-14-2025-eng.pdf